Library Logo

Pioneer International University Library Catalogue

The end of affluence : (Record no. 4254)

MARC details
000 -LEADER
fixed length control field 00546cam a2200169 a 4500
005 - DATE AND TIME OF LATEST TRANSACTION
control field 20250901165444.0
008 - FIXED-LENGTH DATA ELEMENTS--GENERAL INFORMATION
fixed length control field 950510s1995 nyua b 001 0 eng
010 ## - LIBRARY OF CONGRESS CONTROL NUMBER
LC control number 95019946
020 ## - INTERNATIONAL STANDARD BOOK NUMBER
International Standard Book Number 0679436235 :
Terms of availability $22.00
050 00 - LIBRARY OF CONGRESS CALL NUMBER
Classification number HC106.7 .M27 1995
Item number .M27 1995
082 00 - DEWEY DECIMAL CLASSIFICATION NUMBER
Classification number 330.973/092
Edition information 20
100 1# - MAIN ENTRY--PERSONAL NAME
Personal name Madrick, Jeffrey G.
245 14 - TITLE STATEMENT
Title The end of affluence :
Remainder of title the causes and consequences of America's economic dilemma /
Statement of responsibility, etc. Jeffrey Madrick.
260 ## - PUBLICATION, DISTRIBUTION, ETC.
Place of publication, distribution, etc. New York :
Name of publisher, distributor, etc. Random House,
Date of publication, distribution, etc. c1995.
300 ## - PHYSICAL DESCRIPTION
Extent x, 223 p. :
Other physical details ill. ;
Dimensions 22 cm.
942 ## - ADDED ENTRY ELEMENTS (KOHA)
Source of classification or shelving scheme Dewey Decimal Classification
Holdings
Withdrawn status Lost status Source of classification or shelving scheme Damaged status Not for loan Home library Current library Shelving location Date acquired Total checkouts Full call number Barcode Date last seen Price effective from Koha item type
    Library of Congress Classification     Main Library Main Library   04/06/2021   HC106.7 .M27 1995 PIU0002924 04/06/2021 04/06/2021 Books